书目信息 |
| 题名: |
鲁迅诗歌
|
|
| 作者: | 费新我 书 ;荣宝斋 编辑 | |
| 分册: | ||
| 出版信息: | 北京 编者 1978 |
|
| 页数: | 70页 | |
| 开本: | 22cm | |
| 丛书名: | ||
| 单 册: | ||
| 中图分类: | J292.35 , J292.11 | |
| 科图分类: | ||
| 主题词: | 行书-法帖--中国--现代 , 法帖-行书--中国--现代 , 书法--中国 , 篆刻--中国 | |
| 电子资源: | ||
| ISBN: | ||
| 000 | 00733nam0 2200289 45 | |
| 001 | 0178005105 | |
| 005 | 20040519151349.7 | |
| 010 | @dCNY0.45 | |
| 091 | @a8030.1068 | |
| 100 | @a19950724d1978 em y0chiy0121 ea | |
| 101 | 0 | @achi |
| 102 | @aCN@b110000 | |
| 105 | @ay z 000yy | |
| 106 | @ar | |
| 200 | 10 | @a鲁迅诗歌@Alu xun shi ge@f费新我书@g荣宝斋编辑 |
| 210 | @a北京@c编者@d1978 | |
| 215 | @a70页@d22cm | |
| 606 | @a行书-法帖@y中国@z现代 | |
| 606 | @a法帖-行书@y中国@z现代 | |
| 606 | 0 | @a书法@x中国 |
| 606 | 0 | @a篆刻@x中国 |
| 690 | @aJ292.35@v3 | |
| 690 | @aJ292.11 | |
| 701 | 0 | @a费新我@Afei xin wo@4书 |
| 712 | 02 | @a荣宝斋@Arong bao zhai@4编辑 |
| 801 | 0 | @aCN@bNLC@c20040519 |
| 905 | @f1@b7513@dJ292.11@e14 | |
| 鲁迅诗歌/费新我书/荣宝斋编辑.-北京:编者,1978 |
| 70页;22cm |
| ISBN :CNY0.45 |
| ● |
| 相关链接 |
|
|
|
|
正题名:鲁迅诗歌
索取号:J292.11/14
 
预约/预借
| 序号 | 登录号 | 条形码 | 馆藏地/架位号 | 状态 | 备注 |
| 1 | 0007513 | 001216865 | 第一借阅区/ [索取号:J292.11/14] | 在馆 |